Prueba de lenguaje: críticas y propuestas
Uloženo v:
| Hlavní autor: | |
|---|---|
| Médium: | Kniha |
| Jazyk: | španělština |
| Vydáno: |
Santiago
Centro de Estudios Públicos
2002
|
| Edice: | Serie Documentos de Trabajo, 341
|
| Témata: | |
| Tagy: |
Přidat tag
Žádné tagy, Buďte první, kdo vytvoří štítek k tomuto záznamu!
|
MARC
| LEADER | 00000nam a2200000 a 4500 | ||
|---|---|---|---|
| 001 | UCM8242 | ||
| 003 | CL-VaPUC | ||
| 008 | 030228e20020000CL |||||||||||||||||spa|d | ||
| 082 | 0 | 4 | |a 410.712 |b FON |2 21 |
| 100 | 0 | |a Fontaine C., Loreto |e author |9 474238 | |
| 245 | 1 | 0 | |a Prueba de lenguaje: críticas y propuestas |
| 300 | |a 140 p | ||
| 942 | |c BK | ||
| 945 | |d 20030228 00:00:00 |a cmena | ||
| 260 | |a Santiago |b Centro de Estudios Públicos |c 2002 | ||
| 650 | 0 | |a Educación lingüística |9 306506 | |
| 650 | 7 | |a EVALUACION CURRICULAR |2 CL-VaPUC |9 308585 | |
| 583 | |a last modification |c 20160914 12:36:24 |k Rodrigo Vera | ||
| 490 | 0 | |a Serie Documentos de Trabajo, 341 | |
| 999 | |c 302818 |d 302816 | ||
| 952 | |0 0 |1 0 |4 0 |6 410_712000000000000_FON_2002 |7 0 |8 P |9 363599 |a BIBEDU |b BIBEDU |c BIBEDU_PB |d 2019-11-21 |i 3880184 |o 410.712 FON 2002 |p 3880184 |r 2024-01-25 |w 2019-11-21 |y BK |k BME | ||